header

Black women's health (Record no. 166473)

MARC details
000 -LEADER
fixed length control field 02368nam a2200349 a 4500
082 04 - DEWEY DECIMAL CLASSIFICATION NUMBER
Classification number 613.089/96073
245 00 - TITLE STATEMENT
Title Black women's health
260 ## - PUBLICATION, DISTRIBUTION, ETC. (IMPRINT)
Place of publication New York :
Name of publisher Nova Science Publishers,
Year of publication c2009.
300 ## - PHYSICAL DESCRIPTION
Number of Pages xi, 279 p. :
Other physical details ill.
505 0# - FORMATTED CONTENTS NOTE
Formatted contents note Inequities in health care and African-American women : intersectional applications of research and policy / Laurie Nsiah-Jefferson -- Genetics and the health of African American women : finding the cure for disease and the cure for social ills / Deborah Cohen -- Issues affecting health care of African American women with disabilities / Suzanne C. Smeltzer -- When I come to the end of my journey : correlates of morale in the elderly African-American female / Gloria Boseman -- Improving the health of African American women / Maisha Amen and Basirah Taha -- Perceptions of personal health of contemporary black women / Minnie Campbell -- Postpartum depression and African-American women : the cultural context / Valera A. Hascup -- Black women, stress and pregnancy / Yvonne Wesley -- Older adults : quality of life issues derived from late onset blindness / Estelle A. Pisani -- Relationships among pet attachment support and human health outcomes in women of color / Cheryl A. Krause-Parello.
650 #0 - SUBJECT ADDED ENTRY--TOPICAL TERM
Topical Term African American women
Topical Term Minorities
Topical Term African American women
700 1# - ADDED ENTRY--PERSONAL NAME
Personal name Wesley, Yvonne.
856 40 - ELECTRONIC LOCATION AND ACCESS
Uniform Resource Identifier http://site.ebrary.com/lib/rucke/Doc?id=10676731

No items available.

© 2026 Rongo University
Contact us: librarian | system librarian | Rongo university